=LDR 00000nam 2200000 4500 =001 000554 =005 20250711123326 =035 ##$$a 0010-0725000422 =007 ta =008 250711################a##########0#ind## =020 ##$$a 978-623-307-487-2 =082 ##$$a 398.209 598 =084 ##$$a 398.209 598 REH h =100 #$$a Rehema egbert =245 1#$$a Hari pertama sekolah /$c Rehema egbert =250 ##$$a Cetakan pertama =260 ##$$a Rawamangun :$b Badan pengembangan dan pembinaan bahasa,$c 2022 =300 ##$$a 20 hlm. : $b Ilus. ; $c 29,7cm =650 #4$$a Cerita anak indonesia-terjemahan =990 ##$$a TBM03150315